1722 1687 1144 1211 1100 1010 1230 1699 1026 1654 1770 1704 1818 1359 1359 1946 1118 1693 1705 1220 1265 1761 1967 1778 1055 1117 1583 1666 1568 1838 1127 1007 1416 1509 1605 1928 1960 1366 1147 1919 1574 1028 1858 1558 1719 1352 1180 1092 1060 1718 1330 1536 1333 1216 1045 1683 1171 1777 1405 1453 1730 1969 1165 1506 1662 1893 1870 1283 1331 1682 1634 1996 1075 1834 1106 1603 1092 1746 1633 1484 1475 1287 1806 1546 1069 1513 1593 1508 1281 1147 1628 1223 1323 1978 1220 1250 1839 1039 1107 BCNSPRNW ULIB Ver.6.0+V

เปลี่ยนเป็นภาษาไทย

Change to English
 แสดงรายละเอียดบรรณานุกรม
  กลับหน้าหลัก

Brief Record : Get Marc (ISO 2709) : E-mail record : QR code < ปิดหน้าต่าง
LEADER : 00000nam 2200000uu 4500
001    13399112866
003     ULIB
008    110914s2552||||th 000 0 tha d
020    9786115000173
090    นว.^bณ429ร 2552
100 0  ณารา
245 00 รักร้าย/^cณารา
250    พิมพ์ครั้งที่ 4
260    กรุงเทพฯ :^bพิมพ์คำ,^c2552
300    532 หน้า
945    ^p320^l0^i16308
995    กัณชพร
999    ^aใช้งานได้ทุกระบบ
รายการนี้ยังไม่มีแท็ก
คุณยังไม่ได้ล็อกอิน คุณสามารถมีกิจกรรมร่วมกับเว็บไซต์ได้ แต่ต้องล็อกอินก่อน ::
  ล็อกอิน

รายการสื่อสารสนเทศ

ลำดับที่ ประเภท เลขเรียก/บาร์โค้ด สถานที่ สถานะ
1. นวนิยาย
นวนิยาย
นว. ณ429ร 2552  
  Barcode: 16308
ห้องสมุดวิทยาเขตสวรรค์ประชารักษ์
►นวนิยาย
บนชั้น
  ขอยืม

รายการใกล้เคียง
    ผู้แต่ง [ณารา]

BibComment


ยังไม่เคยถูกคอมเมนท์

คอมเมนท์ทรัพยากรรายการนี้
  คอมเมนท์: รักร้าย ณารา


 Copyright 2026. Bcnsprnw @Library